MARC

LEADER 00000nas a2200000 a 4500
001 ssj0009789
003 WaSeSS
005 20200512172242.0
006 m d
007 cr n
008 000630c19809999nyubx pss 0 a0eng c
010 |a  2004233324 
016 7 |a 2016016-1  |2 DE-600 
016 7 |a I27750000  |2 DNLM 
022 |a 1573-8604  |l 0164-0291  |y 0164-0291 
035 |a (WaSeSS)ssj0009789 
040 |a F#A  |b eng  |e pn  |c F#A  |d OCLCQ  |d OH1  |d OCLCQ  |d GUA  |d U9S  |d GUA  |d OCLCQ  |d MYG  |d OCLCQ  |d BUF  |d OCLCQ  |d OCLCF  |d OCLCQ  |d AU@  |d OCLCO  |d WYU  |d U3W  |d NJT  |d OCLCO  |d VT2  |d DLC  |d SFB  |d CNMTR  |d OCLCA  |d WaSeSS 
042 |a pcc 
050 0 0 |a QL737.P9 
060 0 0 |a W1  |b IN775K 
082 0 4 |a 599.8 
130 0 |a International journal of primatology (Online) 
210 0 |a Int. j. primatol.  |b (Dordr., Online) 
222 0 |a International journal of primatology  |b (Dordrecht. Online) 
245 1 0 |a International journal of primatology  |h [electronic resource]. 
260 |3 -Aug. 2004 :  |a New York :  |b Kluwer Academic Publishers 
260 3 |3 Oct. 2004- :  |a [New York] :  |b Springer US 
310 |a Six no. a year 
362 1 |a Print began with v. 1, no. 1 (Mar. 1980). 
500 |a Some issues also have distinctive titles. 
506 |a License restrictions may limit access. 
538 |a Mode of access: World Wide Web. 
550 |a "The official journal of the International Primatological Society." 
588 |a Description based on: Vol. 8, issue 1 (Feb. 1997); title from contents screen (publisher's Web site, viewed Mar. 10, 2004). 
588 |a Latest issue consulted: Vol. 40, issue 2 (Apr. 2019) (Springer Link website, viewed Aug. 12, 2019). 
650 0 |a Primates  |v Periodicals. 
650 0 |a Primates as laboratory animals  |v Periodicals. 
650 6 |a Primatologie  |v Périodiques. 
650 6 |a Primates (Animaux de laboratoire)  |v Périodiques. 
650 7 |a Primates.  |2 fast  |0 (OCoLC)fst01076374 
650 7 |a Primates as laboratory animals.  |2 fast  |0 (OCoLC)fst01076406 
650 2 |a Primates. 
655 0 |a Electronic journals. 
710 2 |a International Primatological Society. 
776 0 8 |i Print version:  |t International journal of primatology  |x 0164-0291  |w (DLC) 80648062  |w (OCoLC)4556695 
850 |a DLC 
856 4 0 |z Full text available from Research Library: 02/01/1997 to 1 year ago  |u https://search.proquest.com/publication/54193